Phân tích - bình giảng tác phẩm văn học 12 : Nâng cao

Nội dung bao gồm các bài phân tích bình giảng tác phẩm văn học phù hợp cho học sinh lớp 12.

Guardat en:
Dades bibliogràfiques
Autor principal: Nguyễn, Đăng Mạnh
Format: Llibre
Idioma:Undetermined
Publicat: Hà Nội Giáo dục Việt Nam 2013
Matèries:
Etiquetes: Afegir etiqueta
Sense etiquetes, Sigues el primer a etiquetar aquest registre!
Thư viện lưu trữ: Trung tâm Học liệu Trường Đại học Cần Thơ
LEADER 00813nam a2200229Ia 4500
001 CTU_191353
008 210402s9999 xx 000 0 und d
020 |c 33000 
082 |a 807.12 
082 |b M107 
100 |a Nguyễn, Đăng Mạnh 
245 0 |a Phân tích - bình giảng tác phẩm văn học 12 : 
245 0 |b Nâng cao 
245 0 |c Nguyễn Đăng Mạnh chủ biên 
260 |a Hà Nội 
260 |b Giáo dục Việt Nam 
260 |c 2013 
520 |a Nội dung bao gồm các bài phân tích bình giảng tác phẩm văn học phù hợp cho học sinh lớp 12. 
650 |a Literature,Văn học 
650 |x Study and teaching,Dạy và học 
904 |i Bằng 
980 |a Trung tâm Học liệu Trường Đại học Cần Thơ